| 000 | 01092nam a2200241 i 4500 | ||
|---|---|---|---|
| 001 | 159097 | ||
| 003 | ES-MaACL | ||
| 005 | 20250727063147.0 | ||
| 008 | 931025s1800 sp ax |||| | spa d | ||
| 040 |
_aCARM _bspa _cPAB |
||
| 100 | 1 |
_aMasdéu, Juan Francisco, _d1744-1817 _9129694 |
|
| 245 | 1 | 0 |
_aHistoria critica de España, y de la cultura española / _cobra compuesta en las dos lenguas italiana y castellana por D. Juan Francisco de Masdeu ... ; tomo XIX, continuacion de los suplementos a los quince tomos primeros. |
| 260 |
_aEn Madrid : _ben la imprenta de Sancha, se hallará en su librería calle del Lobo, _c1800. |
||
| 300 |
_aXVI, 687, [1] p. ; _c21 cm. |
||
| 500 | _aEn tomo I, p. 12 consta que es traducción del italiano. | ||
| 597 | _aSign.: []4, 2*4, A-Z4, 2A-2Z4, 3A-3Z4, 4A-4R4. | ||
| 597 | _aAntep. | ||
| 650 | 4 |
_aEspaña- _xHistoria. _9185483 |
|
| 650 | 4 |
_aInscripciones romanas- _zEspaña. _9136294 |
|
| 852 |
_aES-MaACL _jR-270-89 _z-- Enc. pasta _x-- Edic.: XVI, 687, [1] p. _x Olim: C-44-63 |
||
| 999 |
_c159097 _d159097 |
||